LEADER 00980nam a2200229 i 4500 001 000000047212 003 CaOOAMICUS 005 20120320000000.0 008 120320s1983 it u000 u ita u 013 $a18382 040 $aSeMil$bita 100 1 $aCharlier, Célestin,$c.$0(OLS)http://semarc/name/20930 240 13$aLe christianisme :$bessai de synthèse.$0(OLS)http://semarc/title/71020 245 13$aIl cristianesimo :$bsaggio di sintesi /$cCélestin Charlier ; editoriale di Giancarlo Vendrame. 260 $aRoma :$bPaoline,$c1983. 300 $a555 p. ;$c21 cm. 650 4$aCristianesimo.$0(OLS)http://semarc/subject/425 700 1 $aVendrame, Giancarlo.$0(OLS)http://semarc/name/23492 850 $aSeMil 852 $aSeMil$W1$xVenegono$y1$m2C III 272$j13367$B13367$CSeMilBibl$Z2$F13367 $81 996 $6245$aIl cristianesimo :$bsaggio di sintesi$9(OLS)http://semarc/title/71019 996 $6260$aRoma :$bPaoline$9(OLS)http://semarc/publisher/29686 LEADER 00649nam a2200169 i 4500 001 000000006749 003 CaOOAMICUS 005 20180830125438.0 008 180830s1933 fr u000 u und u 040 $aSeMil$bita 245 13$aLa vertu /$ctraduction française par R. Bernard. 700 1 $aBernard, Régis,$c.$0(OLS)http://semarc/name/89592 700 0 $aTommaso : d'Aquino,$c.$0(OLS)http://semarc/name/423 773 0 $t[Prima Secundae Pars].$d[S.l.] : Revue des Jeunes, 1926.$w()6225 774 0 $tQuestions 49-60.$gTome1$w()102553 774 0 $tQuestions 61-70.$gTome2$w()102554 996 $6245$aLa vertu$9(OLS)http://semarc/title/9018